00862cam a2200241 450000100060000000300080000600500170001400800410003103500190007204000270009104100080011808200210012610000420014724500650018926000490025430000650030335000110036850400490037965000290042894200120045799900170046995201340048627764BD-RjUL20211209051211.0140327r19741968nyuabch b 001 0 eng d a(BD-RjUL)27843 aDLCcDLCdBD-RjULbeng aeng00a970.1bJOI 19741 aJosephy, Alvin M.,d1915-2005.98522714aThe Indian heritage of America /c[by] Alvin M. Josephy, Jr. aNew York :bKnopf,c1968 [Reprinting 1974] . axiii, 384, xiv p. :billus., facsims., maps, ports ;c25 cm. a$10.00 aIncludes Bibliography: p. 367-384 and index. 0aIndiansxHistory.985228 2ddccBK c27764d27764 00102ddc40728NFICaRUCLbRUCLcReadingd1976-07-10eUSISg0.00l0o970.1 JOI 1974r2014-03-27 00:00:00tC-1w2014-03-27yBK